Catálogo
 En Linea

Un golpe más : (Registro nro. 59043)

Detalles MARC
000 -CABECERA
campo de control de longitud fija 01889nam a2200385 i 4500
003 - IDENTIFICADOR DEL NÚMERO DE CONTROL
campo de control DO-SdBNP
005 - FECHA Y HORA DE LA ÚLTIMA TRANSACCIÓN
campo de control 20250519133229.0
007 - CAMPO FIJO DE DESCRIPCIÓN FÍSICA--INFORMACIÓN GENERAL
campo de control de longitud fija ta
008 - DATOS DE LONGITUD FIJA--INFORMACIÓN GENERAL
campo de control de longitud fija 250519b2007 dr ae||| |||| 00| 0 spa d
020 ## - NÚMERO INTERNACIONAL ESTÁNDAR DEL LIBRO
Número Internacional Estándar del Libro 9789992407189
040 ## - FUENTE DE LA CATALOGACIÓN
Centro catalogador/agencia de origen DO-SdBNP
Lengua de catalogación spa
Centro/agencia transcriptor BNPHU
Normas de descripción rda
041 ## - CÓDIGO DE LENGUA
Código de lengua del texto/banda sonora o título independiente spa
082 #4 - NÚMERO DE LA CLASIFICACIÓN DECIMAL DEWEY
Número de clasificación xxx
Número de documento/Ítem G633u
Número de edición 22
245 03 - MENCIÓN DE TÍTULO
Título Un golpe más :
Resto del título los efectos del fin del Acuerdo Multifibras en Centroamérica y República Dominicana /
Mención de responsabilidad, etc. Carmen Julia Gómez Carrasco [y otros 8]
250 ## - MENCIÓN DE EDICIÓN
Mención de edición Primera edición
264 ## - PRODUCCIÓN, PUBLICACIÓN, DISTRIBUCIÓN, FABRICACIÓN Y COPYRIGHT
Producción, publicación, distribución, fabricación y copyright Managua, Nicaragua :
Nombre del de productor, editor, distribuidor, fabricante Profesionales para la Auditoria Social y Empresarial (PASE) : Iniciativa Regional para la Responsabilidad Social y el Trabajo Digno (IRSD),
Fecha de producción, publicación, distribución, fabricación o copyright 2007.
300 ## - DESCRIPCIÓN FÍSICA
Extensión 460 páginas :
Otras características físicas ilustraciones, gráficos ;
Dimensiones 24 cm
336 ## - TIPO DE CONTENIDO
Término de tipo de contenido texto
Código de tipo de contenido txt
Fuente rdacontent
337 ## - TIPO DE MEDIO
Nombre/término del tipo de medio sin mediación
Código del tipo de medio n
Fuente rdamedia
338 ## - TIPO DE SOPORTE
Nombre/término del tipo de soporte volumen
Código del tipo de soporte nc
Fuente rdacarrier
500 ## - NOTA GENERAL
Nota general Incluye bibliografías al final de los capítulos
505 ## - NOTA DE CONTENIDO CON FORMATO
Nota de contenido con formato Presentación -- Introducción -- Efectos del fin del Acuerdo Multifibra en los trabajadores. Análisis comparativos de las encuestas aplicadas en Centroamérica y República Dominicana -- Guatemala -- El Salvador -- Honduras -- Nicaragua -- Costa Rica -- República Dominicana -- Conclusiones generales -- Recomendaciones generales.
590 ## - NOTA LOCAL (RLIN)
Nota local Inventariado, 2025 /LP
700 1# - PUNTO DE ACCESO ADICIONAL--NOMBRE DE PERSONA
Nombre de persona Gómez Carrasco, Carmen Julia
Término indicativo de función/relación coordinadora
Código de función/relación coo.
9 (RLIN) 8553
700 1# - PUNTO DE ACCESO ADICIONAL--NOMBRE DE PERSONA
Nombre de persona Loarca, Felisa
Término indicativo de función/relación autor
Código de función/relación aut
9 (RLIN) 87803
700 1# - PUNTO DE ACCESO ADICIONAL--NOMBRE DE PERSONA
Nombre de persona Gómez, Carmen Julia
Término indicativo de función/relación autor
Código de función/relación aut.
9 (RLIN) 87803
700 1# - PUNTO DE ACCESO ADICIONAL--NOMBRE DE PERSONA
Nombre de persona Valencia, Astrid
Término indicativo de función/relación autor
Código de función/relación aut.
9 (RLIN) 87804
700 1# - PUNTO DE ACCESO ADICIONAL--NOMBRE DE PERSONA
Nombre de persona Paredes, Maritza
Término indicativo de función/relación autor
Código de función/relación aut.
9 (RLIN) 87805
700 1# - PUNTO DE ACCESO ADICIONAL--NOMBRE DE PERSONA
Nombre de persona Castro, Carlos
Término indicativo de función/relación autor
Código de función/relación aut.
9 (RLIN) 87806
700 1# - PUNTO DE ACCESO ADICIONAL--NOMBRE DE PERSONA
Nombre de persona Rodríguez, Yadira
Término indicativo de función/relación autor
Código de función/relación aut.
9 (RLIN) 87807
700 1# - PUNTO DE ACCESO ADICIONAL--NOMBRE DE PERSONA
Nombre de persona Legall López, Alberto
Término indicativo de función/relación autor
Código de función/relación aut.
9 (RLIN) 87808
700 1# - PUNTO DE ACCESO ADICIONAL--NOMBRE DE PERSONA
Nombre de persona Acuña González, Carmen
Término indicativo de función/relación autor
Código de función/relación aut.
9 (RLIN) 87809
910 ## - DATOS DE OPCIÓN DEL USUARIO (OCLC)
Datos de opción del usuario LP
942 ## - ELEMENTOS DE PUNTO DE ACCESO ADICIONAL (KOHA)
Fuente del sistema de clasificación o colocación Dewey Decimal Classification
Tipo de ítem Koha Libro
Existencias
Estado de retiro Estado de pérdida Fuente del sistema de clasificación o colocación Restricciones de uso No para préstamo Código de colección Localización permanente Ubicación/localización actual Ubicación en estantería Fecha de adquisición Fuente de adquisición Total de préstamos Signatura topográfica completa Código de barras Fecha visto por última vez Precio válido a partir de Tipo de ítem Koha Número de copia
    Dewey Decimal Classification Préstamo en sala   General Biblioteca Nacional Pedro Henríquez Ureña Biblioteca Nacional Pedro Henríquez Ureña En catalogación 15.10.2021 Donado por Yajaira de la Cruz   xxx G633u 2025-4372 19.05.2025 19.05.2025 Libro  
    Dewey Decimal Classification Préstamo en sala   General Biblioteca Nacional Pedro Henríquez Ureña Biblioteca Nacional Pedro Henríquez Ureña En catalogación 18.10.2021 Donado por Yajaira de la Cruz   xxx G633u 2025-4373 19.05.2025 19.05.2025 Libro e.2
    Dewey Decimal Classification Préstamo en sala   General Biblioteca Nacional Pedro Henríquez Ureña Biblioteca Nacional Pedro Henríquez Ureña En catalogación 15.10.2021 Donado por Yajaira de la Cruz   xxx G633u 2025-4374 19.05.2025 19.05.2025 Libro e.3
    Dewey Decimal Classification Préstamo en sala   General Biblioteca Nacional Pedro Henríquez Ureña Biblioteca Nacional Pedro Henríquez Ureña En catalogación 15.10.2021 Donado por Yajaira de la Cruz   xxx G633u 2025-4375 19.05.2025 19.05.2025 Libro e.4
    Dewey Decimal Classification Préstamo en sala   General Biblioteca Nacional Pedro Henríquez Ureña Biblioteca Nacional Pedro Henríquez Ureña En catalogación 15.10.2021 Donado por Yajaira de la Cruz   xxx G633u 2025-4376 19.05.2025 19.05.2025 Libro e.5

Con tecnología Koha